000 00378nam a2200145Ia 4500
008 090124s9999 xx 000 0 und d
082 _b303299
245 _a दु:खाचे रंग
250 _a1
260 _bपै शिरीष
_c1996
300 _a139
630 _a दु:खाचे रंग
730 _a दु:खाचे रंग
942 _cBOOK
999 _c192936
_d192936